000 02718nam a2200229Ia 4500
003 Ost
005 20260507075450.0
008 260507s9999||||xx |||||||||||||| ||und||
040 _cfsecg
041 _aara
082 _a657.837
100 _aعبد اللطيف، ناصر نور الدين
_eمؤلف
245 0 _aالمحاسبة في قطاع السياحة و الفنادق /
_c ناصر نور الدين عبد اللطيف
260 _aالاسكندرية:
_bالدار الجامعية,
_c2006
300 _a402 صفحة؛
_bإيضاحات ؛
_c24 سم
520 _aإختص هذا الكتاب بالمحاسبة في قطاع السياحة والفنادق حيث قسم المؤلف الكتاب إلى سبعة فصول، حيث يختص الفصل الأول بالتعريف بأهمية المحاسبة كنظام للمعلومات، ويختص الفصل الثاني بتكوين الشركات السياحية والفندقية سواء كانت شركات تضامن أو توصية بسيطة أو شركة مساهمة، ويتناول المؤلف في الفصل الثالث معالجة الأحداث المالية المترتبة على مزاولة النشاط في المنشآت السياحية والفندقية، وتطرق المؤلف في الفصل الرابع إلى المحاسبة الداخلية في المنشآت الفندقية (نظام محاسبة التكاليف ونظام المحاسبة الإدارية)، وتناول المؤلف في الفصل الخامس المعالجات المحاسبية المتصلة بكيفية توزيع الأرباح والخسائر في الشركات السياحية والفندقية، كما أستعرض في الفصل السادس المعالجات المحاسبية المتصلة بتعديل عقد الشركة في الشركات السياحية والفندقية، حيث يتناول تعديل أسس توزيع الأرباح والخسائر وزيادة رأس مال الشركاء وتخفيض رأس مال الشركاء، ويتناول زيادة رأس المال في الشركات المساهمة، وأخيراً تناول المؤلف في الفصل السابع انقضاء الشركات السياحية والفندقية من خلال التصفية سواء بالنسبة لشركات التضامن أو شركات التوصية البسيطة أو الشركات المساهمة، حيث تناول في هذا الصدد كل من التصفية الفورية والتصفية التدريجية
653 _aالسياحة
653 _aالفنادق
653 _aالمحاسبة
653 _aقطاع السياحة
942 _cكتاب
999 _c44617
_d44617